| 000 | 00374cam a22001217a 4500 | ||
|---|---|---|---|
| 008 | 180718b1980 xxu||||| |||| 00| 0 eng d | ||
| 082 | _aAPPPA 79-80 GUP | ||
| 100 | _aGupta, Urmila | ||
| 245 |
_aCommunication policy in India _cby Urmila Gupta |
||
| 260 |
_aNew Delhi _bIndian Institute of Public Administration _c1980 |
||
| 300 | _a197p. | ||
| 650 | _aCommunication policy-India | ||
| 999 |
_c501184 _d501184 |
||